| 000 | 00414nam a22001697a 4500 | ||
|---|---|---|---|
| 005 | 20160429113343.0 | ||
| 008 | 160429b xxu||||| |||| 00| 0 eng d | ||
| 020 | _a0-07-047299-8 | ||
| 041 | _aeng | ||
| 082 | _b00787 | ||
| 100 |
_aleon, Alexis _9227 |
||
| 245 | _aExcel 2000 for Beginners | ||
| 260 |
_aNew Delhi _bTMH Publ.co.Ltd. _c2001 |
||
| 300 | _a169 | ||
| 650 |
_aInformation Technology _9137 |
||
| 942 | _cBK | ||
| 999 |
_c258 _d258 |
||